[Event "European Women-ch 2023"]
[Site "Petrovac"]
[Date "2023.03.23"]
[Round "6.28"]
[White "Antolak, Julia"]
[Black "Makropoulou, Marina"]
[Result "1-0"]
[WhiteElo "2276"]
[BlackElo "2102"]
[Annotator "TA"]
[PlyCount "123"]
[EventDate "2023.03.15"]
[EventType "swiss"]
[EventCountry "MNE"]
[SourceTitle "playchess.com"]
[Source "ChessBase"]
[SourceQuality "1"]

1. e4 c5 2. Nf3 d6 3. d4 cxd4 4. Nxd4 Nf6 5. Nc3 Nc6 6. Bg5 e6 7. Qd3 a6 8. Nxc6 bxc6 9. O-O-O Qa5 10. f4 Rb8 11. Be2 d5 12. Bf3 Bb4 13. a3 Bxc3 14. Qxc3 Qxc3 15. bxc3 Bb7 16. e5 Nd7 17. Bh4 a5 18. Kd2 Ba6 19. Rb1 Nb6 20. Be2 Bxe2 21. Kxe2 Kd7 22. Bf2 Nc4 23. Ba7 Rxb1 24. Rxb1 Rc8 25. Bc5 Rc7 26. h4 h5 27. a4 Kc8 28. g4 hxg4 29. Rg1 g6 30. Rxg4 Nb2 31. h5 gxh5 32. Rg8+ Kb7 33. Bd6 Rc8 34. Rg7 Nxa4 35. Rxf7+ Kb6 36. c4 dxc4 37. Kd2 Rg8 38. f5 exf5 39. e6 Nc5 40. Bc7+ Kb5 41. e7 Re8 42. Kc3 h4 43. Rxf5 Rxe7 44. Bd6 Re3+ 45. Kd2 Re4 46. Bxc5 Ka6 47. Kc3 Rg4 48. Rh5 Rf4 49. Be7 Rf3+ 50. Kxc4 h3 51. Bc5 Kb7 52. Rh7+ Kc8 53. Bd6 a4 54. c3 Kd8 55. Ra7 Rf1 56. Rxa4 Kd7 57. Bb8 Rh1 58. Ra7+ Ke6 59. Rh7 Kf5 60. Kc5 Kg4 61. Kxc6 Rc1 62. Be5 1-0

[Event "European Women-ch 2023"]
[Site "Petrovac"]
[Date "2023.03.25"]
[Round "7.1"]
[White "Socko, Monika"]
[Black "Kiolbasa, Oliwia"]
[Result "1/2-1/2"]
[WhiteElo "2432"]
[BlackElo "2406"]
[Annotator "TA"]
[PlyCount "146"]
[EventDate "2023.03.15"]
[EventType "swiss"]
[EventCountry "MNE"]
[SourceTitle "playchess.com"]
[Source "ChessBase"]
[SourceQuality "1"]

1. d4 d5 2. c4 e6 3. Nf3 Nf6 4. g3 Be7 5. Bg2 O-O 6. O-O dxc4 7. Qc2 a6 8. a4 Bd7 9. Qxc4 Bc6 10. Bf4 h6 11. Rd1 Bd6 12. Qc1 Bxf4 13. Qxf4 a5 14. Nc3 Bxf3 15. Bxf3 c6 16. e4 Qb6 17. Rd2 Na6 18. Rad1 Nb4 19. h4 Qd8 20. d5 exd5 21. exd5 Nfxd5 22. Nxd5 cxd5 23. Bxd5 Nxd5 24. Rxd5 Qe7 25. Rd7 Qe2 26. Qd2 Qc4 27. Rc1 Qxa4 28. Qd5 Rae8 29. b3 Qe4 30. Qxa5 Qf3 31. Qc3 Qe4 32. Rcd1 Rc8 33. Qd3 Qb4 34. Qf3 b6 35. Rb7 Rb8 36. Ra7 Rbc8 37. Rb7 Rb8 38. Rbd7 Rbc8 39. R7d4 Qa3 40. Kg2 Rc1 41. Rxc1 Qxc1 42. Rc4 Qe1 43. Qd5 Re8 44. Rc6 Qb4 45. Qf3 Qd4 46. Rc7 Rf8 47. Rb7 Qc5 48. Rd7 Qe5 49. Qc6 Rb8 50. b4 Qf5 51. Rd4 b5 52. Rd7 Re8 53. Rd4 Re7 54. Rd8+ Kh7 55. Rb8 Re5 56. Rb7 Rd5 57. Qc3 Rd3 58. Qc6 Rd5 59. Qe8 Rd2 60. Qe3 Rd1 61. Re7 Qd5+ 62. Qe4+ Qxe4+ 63. Rxe4 Rb1 64. Kf3 Kg6 65. g4 f5 66. Rd4 fxg4+ 67. Rxg4+ Kf6 68. Rf4+ Ke5 69. Re4+ Kd5 70. Rg4 Rb3+ 71. Kg2 Ke5 72. f3 Kf5 73. Rd4 Ke5 1/2-1/2

[Event "European Women-ch 2023"]
[Site "Petrovac"]
[Date "2023.03.25"]
[Round "7.1"]
[White "Fataliyeva, Ulviyya"]
[Black "Koljevic, Nikolina"]
[Result "1-0"]
[WhiteElo "2427"]
[BlackElo "2042"]
[Annotator "TA"]
[PlyCount "67"]
[EventDate "2023.03.15"]
[EventType "swiss"]
[EventCountry "MNE"]
[SourceTitle "playchess.com"]
[Source "ChessBase"]
[SourceQuality "1"]

1. Nf3 Nf6 2. b3 e6 3. Bb2 Be7 4. g3 b6 5. Bg2 Bb7 6. O-O c5 7. c4 O-O 8. e3 d6 9. Ne1 Bxg2 10. Nxg2 Nc6 11. f4 d5 12. Qe2 dxc4 13. bxc4 Nb4 14. d4 Ne4 15. Rd1 Qc8 16. a3 Na6 17. d5 f5 18. Nc3 Nxc3 19. Bxc3 Rd8 20. e4 Bf8 21. exf5 exd5 22. cxd5 c4 23. f6 Re8 24. Qh5 gxf6 25. Bxf6 Qc5+ 26. Bd4 Qd6 27. Nh4 Rad8 28. Qg5+ Kf7 29. Nf3 Qg6 30. Ne5+ Rxe5 31. Qxd8 Re2 32. Re1 Qe4 33. Qf6+ Kg8 34. Qe6+ 1-0

[Event "European Women-ch 2023"]
[Site "Petrovac"]
[Date "2023.03.25"]
[Round "7.1"]
[White "Bivol, Alina"]
[Black "Chelushkina, Irina"]
[Result "1-0"]
[WhiteElo "2365"]
[BlackElo "2207"]
[Annotator "TA"]
[PlyCount "55"]
[EventDate "2023.03.15"]
[EventType "swiss"]
[EventCountry "MNE"]
[SourceTitle "playchess.com"]
[Source "ChessBase"]
[SourceQuality "1"]

1. e4 c5 2. Nf3 Nc6 3. Bb5 g6 4. O-O Bg7 5. c3 e5 6. d4 cxd4 7. cxd4 exd4 8. Bf4 Nge7 9. Bd6 O-O 10. Nbd2 a6 11. Bc4 b5 12. Bd5 Bb7 13. Nb3 Nxd5 14. Bxf8 Qxf8 15. exd5 Nb4 16. a3 Nxd5 17. Na5 Bc8 18. Re1 Nf4 19. Nxd4 Ne6 20. Qf3 Rb8 21. Nxe6 fxe6 22. Qg3 d6 23. Rad1 e5 24. Qd3 Rb6 25. Qd5+ Kh8 26. Rc1 Bd7 27. Rc7 Qe8 28. Rxd7 1-0

[Event "European Women-ch 2023"]
[Site "Petrovac"]
[Date "2023.03.25"]
[Round "7.2"]
[White "Osmak, Yuliia"]
[Black "Narva, Mai"]
[Result "1-0"]
[WhiteElo "2445"]
[BlackElo "2389"]
[Annotator "TA"]
[PlyCount "89"]
[EventDate "2023.03.15"]
[EventType "swiss"]
[EventCountry "MNE"]
[SourceTitle "playchess.com"]
[Source "ChessBase"]
[SourceQuality "1"]

1. d4 Nf6 2. c4 e6 3. Nf3 c5 4. d5 d6 5. Nc3 exd5 6. cxd5 g6 7. e4 Bg7 8. Be2 a6 9. a4 Bg4 10. Be3 Bxf3 11. Bxf3 Nbd7 12. O-O O-O 13. Be2 Re8 14. Qc2 b6 15. Rfe1 Qc7 16. b3 Re7 17. Rab1 h6 18. h3 Nh7 19. Bd3 Ne5 20. Bf1 c4 21. Rec1 Rc8 22. Na2 b5 23. Nb4 Qa5 24. bxc4 Qxa4 25. Qxa4 bxa4 26. c5 dxc5 27. Bxc5 Ree8 28. Bxa6 Ra8 29. Bb7 Rab8 30. Nc6 Nd3 31. Nxb8 Nxc1 32. Rxc1 Rxb8 33. Bc6 f5 34. exf5 gxf5 35. Bxa4 Rd8 36. Bb6 Rb8 37. Bc7 Rb4 38. Bd7 Nf8 39. Bxf5 Rd4 40. d6 Kf7 41. Re1 Bf6 42. Bg4 Rd5 43. Rd1 Rc5 44. Bb6 Rc6 45. Be3 1-0

[Event "European Women-ch 2023"]
[Site "Petrovac"]
[Date "2023.03.25"]
[Round "7.2"]
[White "Gaponenko, Inna"]
[Black "Jarocka, Liwia"]
[Result "1/2-1/2"]
[WhiteElo "2349"]
[BlackElo "2181"]
[Annotator "TA"]
[PlyCount "83"]
[EventDate "2023.03.15"]
[EventType "swiss"]
[EventCountry "MNE"]
[SourceTitle "playchess.com"]
[Source "ChessBase"]
[SourceQuality "1"]

1. e4 c6 2. d4 d5 3. e5 Bf5 4. h4 h5 5. Bd3 Bxd3 6. Qxd3 e6 7. Nf3 Qa5+ 8. Nbd2 Qa6 9. c4 Ne7 10. O-O Nd7 11. b3 Nf5 12. a4 Rc8 13. Qc2 b6 14. Ba3 Bxa3 15. Rxa3 O-O 16. b4 g6 17. c5 bxc5 18. bxc5 Rb8 19. Rb1 Rxb1+ 20. Qxb1 Rb8 21. Rb3 Rxb3 22. Qxb3 Qc8 23. Nf1 Qb8 24. Qxb8+ Nxb8 25. Ne3 Kf8 26. Nxf5 exf5 27. Kf1 Ke7 28. Ke2 Na6 29. Kd3 Nc7 30. g3 Ne6 31. Ke3 Kd7 32. Nd2 Kc7 33. f4 Kb7 34. Kd3 Kc7 35. Kc3 Kb7 36. Nf3 Kc8 37. Kb4 Kc7 38. Kc3 Kc8 39. Ne1 Kc7 40. Nc2 Kc8 41. Ne1 Kc7 42. Nf3 1/2-1/2

[Event "European Women-ch 2023"]
[Site "Petrovac"]
[Date "2023.03.25"]
[Round "7.2"]
[White "Vidic, Teja"]
[Black "Zhapova, Yana"]
[Result "1/2-1/2"]
[WhiteElo "2097"]
[BlackElo "2269"]
[Annotator "TA"]
[PlyCount "32"]
[EventDate "2023.03.15"]
[EventType "swiss"]
[EventCountry "MNE"]
[SourceTitle "playchess.com"]
[Source "ChessBase"]
[SourceQuality "1"]

1. e4 e5 2. Nf3 Nc6 3. d4 exd4 4. Nxd4 Nf6 5. Nxc6 bxc6 6. Bd3 d5 7. exd5 cxd5 8. O-O Be7 9. c4 O-O 10. Nc3 Be6 11. Qe2 c6 12. Bg5 h6 13. Bh4 Re8 14. h3 dxc4 15. Bxc4 Qd4 16. Bxe6 Qxh4 1/2-1/2

[Event "European Women-ch 2023"]
[Site "Petrovac"]
[Date "2023.03.25"]
[Round "7.3"]
[White "Mammadzada, Gunay"]
[Black "Hrebenshchykova, Yelyzaveta"]
[Result "1/2-1/2"]
[WhiteElo "2472"]
[BlackElo "2289"]
[Annotator "TA"]
[PlyCount "66"]
[EventDate "2023.03.15"]
[EventType "swiss"]
[EventCountry "MNE"]
[SourceTitle "playchess.com"]
[Source "ChessBase"]
[SourceQuality "1"]

1. e4 e6 2. d4 d5 3. Nd2 c5 4. exd5 Qxd5 5. Ngf3 cxd4 6. Bc4 Qd6 7. O-O Nf6 8. Nb3 Nc6 9. Nbxd4 Nxd4 10. Nxd4 a6 11. Re1 Qc7 12. Qe2 Bd6 13. h3 O-O 14. Bg5 Ne4 15. Bh4 Nc5 16. Qf3 Bd7 17. b4 Na4 18. Bd3 b5 19. Re3 Rae8 20. Rae1 Nb2 21. Bxh7+ Kxh7 22. Qh5+ Kg8 23. Bf6 gxf6 24. Re4 Bf4 25. R1e3 f5 26. Rxf4 Qxf4 27. Ne2 Qxe3 28. fxe3 e5 29. Qg5+ Kh7 30. Qh5+ Kg7 31. Qg5+ Kh7 32. Qh5+ Kg7 33. Qg5+ Kh7 1/2-1/2

[Event "European Women-ch 2023"]
[Site "Petrovac"]
[Date "2023.03.25"]
[Round "7.3"]
[White "Guichard, Pauline"]
[Black "Khotenashvili, Bela"]
[Result "1/2-1/2"]
[WhiteElo "2379"]
[BlackElo "2491"]
[Annotator "TA"]
[PlyCount "62"]
[EventDate "2023.03.15"]
[EventType "swiss"]
[EventCountry "MNE"]
[SourceTitle "playchess.com"]
[Source "ChessBase"]
[SourceQuality "1"]

1. d4 g6 2. c4 Bg7 3. Nc3 c5 4. d5 d6 5. e4 Bxc3+ 6. bxc3 e5 7. f4 exf4 8. Bxf4 Qh4+ 9. Bg3 Qe7 10. Nf3 Nd7 11. Bd3 Ngf6 12. O-O Ng4 13. Qd2 Nge5 14. Nxe5 Nxe5 15. Bxe5 Qxe5 16. Qh6 Bd7 17. Rab1 b6 18. Rf3 O-O-O 19. Rxf7 Qxc3 20. Rd1 Qd4+ 21. Kh1 Rde8 22. h3 Qe5 23. Rdf1 Re7 24. R7f2 Rhe8 25. Rf3 Kc7 26. Rf7 Rxf7 27. Rxf7 Re7 28. Qxh7 Qa1+ 29. Kh2 Qe5+ 30. Kh1 Qa1+ 31. Kh2 Qe5+ 1/2-1/2

[Event "European Women-ch 2023"]
[Site "Petrovac"]
[Date "2023.03.25"]
[Round "7.3"]
[White "Hapala, Elisabeth"]
[Black "Calzetta Ruiz, Monica"]
[Result "0-1"]
[WhiteElo "2072"]
[BlackElo "2185"]
[Annotator "TA"]
[PlyCount "60"]
[EventDate "2023.03.15"]
[EventType "swiss"]
[EventCountry "MNE"]
[SourceTitle "playchess.com"]
[Source "ChessBase"]
[SourceQuality "1"]

1. e4 c5 2. Nf3 Nf6 3. e5 Nd5 4. Nc3 e6 5. Ne4 Nc6 6. c4 f5 7. cxd5 fxe4 8. dxc6 exf3 9. Qxf3 dxc6 10. Bd3 Qd5 11. Qg3 Bd7 12. Bxh7 O-O-O 13. Bg6 c4 14. O-O Bc5 15. d3 cxd3 16. Bxd3 Bd4 17. Bf4 g5 18. Bxg5 Bxe5 19. f4 Bd4+ 20. Kh1 Rdg8 21. Qf3 Qd6 22. g3 e5 23. Rad1 exf4 24. Qxf4 Be5 25. Bf5 Bxf4 26. Bxd7+ Qxd7 27. Rxd7 Bxg3 28. Rff7 Rxh2+ 29. Kg1 Rxg5 30. Kf1 Rf5+ 0-1

[Event "European Women-ch 2023"]
[Site "Petrovac"]
[Date "2023.03.25"]
[Round "7.4"]
[White "Bulmaga, Irina"]
[Black "Mkrtchian, Lilit"]
[Result "1/2-1/2"]
[WhiteElo "2438"]
[BlackElo "2379"]
[Annotator "TA"]
[PlyCount "75"]
[EventDate "2023.03.15"]
[EventType "swiss"]
[EventCountry "MNE"]
[SourceTitle "playchess.com"]
[Source "ChessBase"]
[SourceQuality "1"]

1. e4 c6 2. d4 d5 3. e5 Bf5 4. Nf3 e6 5. Be2 Ne7 6. O-O Bg6 7. Nbd2 c5 8. c4 cxd4 9. Nxd4 Nec6 10. N2f3 dxc4 11. Bxc4 Be7 12. Be3 O-O 13. Rc1 Bh5 14. Qc2 Nb4 15. Qe4 N8c6 16. a3 Bg6 17. Qg4 Nxd4 18. Bxd4 Nc6 19. Bc3 Rc8 20. h4 Rc7 21. h5 Bf5 22. Qf4 h6 23. Rcd1 Rd7 24. Rxd7 Qxd7 25. g4 Bh7 26. Kh1 Rc8 27. Bb3 Qd3 28. Rd1 Qe4 29. Qxe4 Bxe4 30. Kg2 Rd8 31. Rxd8+ Bxd8 32. Kg3 b5 33. Nd2 Bd3 34. Bd1 Bb6 35. Nb3 Bc4 36. Nd2 Bd3 37. Nb3 Bc4 38. Nd2 1/2-1/2

[Event "European Women-ch 2023"]
[Site "Petrovac"]
[Date "2023.03.25"]
[Round "7.4"]
[White "Kulon, Klaudia"]
[Black "Javakhishvili, Lela"]
[Result "1/2-1/2"]
[WhiteElo "2290"]
[BlackElo "2443"]
[Annotator "TA"]
[PlyCount "97"]
[EventDate "2023.03.15"]
[EventType "swiss"]
[EventCountry "MNE"]
[SourceTitle "playchess.com"]
[Source "ChessBase"]
[SourceQuality "1"]

1. e4 e5 2. Nf3 Nc6 3. Bb5 a6 4. Ba4 Nge7 5. c3 Ng6 6. d4 exd4 7. cxd4 Bb4+ 8. Nc3 d5 9. exd5 Bxc3+ 10. bxc3 Qxd5 11. O-O O-O 12. Bb3 Qh5 13. Ng5 Qxd1 14. Rxd1 h6 15. Ne4 Na5 16. Bc2 Rd8 17. a4 b6 18. Re1 Be6 19. f3 Bb3 20. Bb1 Re8 21. Kf2 Rad8 22. Bd3 Bc4 23. Bc2 Re6 24. Rb1 Ne7 25. g4 Ba2 26. Rb4 Re8 27. Rg1 Nd5 28. Rb2 Bc4 29. h4 Nb7 30. g5 h5 31. Bd2 c5 32. Re1 cxd4 33. cxd4 b5 34. axb5 axb5 35. Ng3 Rxe1 36. Bxe1 Nd8 37. Bd2 Nc6 38. Be4 Nxd4 39. Bxd5 Bxd5 40. Bc3 Nxf3 41. Rxb5 Rc8 42. Bb2 Nxh4 43. Nxh5 Rc2+ 44. Ke3 Bc6 45. Rb8+ Kh7 46. Bxg7 Kg6 47. Bf6 Kxh5 48. Rh8+ Kg6 49. Rxh4 1/2-1/2

[Event "European Women-ch 2023"]
[Site "Petrovac"]
[Date "2023.03.25"]
[Round "7.4"]
[White "Zherebtsova, Alexandra"]
[Black "Aydin, Gulenay"]
[Result "1/2-1/2"]
[WhiteElo "2155"]
[BlackElo "2039"]
[Annotator "TA"]
[PlyCount "99"]
[EventDate "2023.03.15"]
[EventType "swiss"]
[EventCountry "MNE"]
[SourceTitle "playchess.com"]
[Source "ChessBase"]
[SourceQuality "1"]

1. d4 d6 2. c4 Nf6 3. Nc3 g6 4. e4 Bg7 5. Be2 O-O 6. Nf3 e5 7. O-O Bg4 8. d5 a5 9. h3 Bxf3 10. Bxf3 Nbd7 11. Bg5 h6 12. Be3 Kh8 13. Qc2 Ng8 14. a3 f5 15. b4 f4 16. Bd2 h5 17. Nb5 b6 18. c5 bxc5 19. bxa5 Ndf6 20. Be2 g5 21. f3 Nh6 22. Kf2 g4 23. Rh1 Qd7 24. hxg4 hxg4 25. a4 Kg8 26. a6 Rfc8 27. a7 Kf8 28. Ba5 g3+ 29. Ke1 c6 30. dxc6 Qxc6 31. Bc4 d5 32. exd5 Nxd5 33. Bxd5 Qxd5 34. Rd1 Qb7 35. Nd6 Qxa7 36. Bc3 Rd8 37. Rxh6 Bxh6 38. Bxe5 Qe7 39. Qf5+ Kg8 40. Kf1 Rxa4 41. Qg6+ Bg7 42. Re1 Ra6 43. Bxg7 Qxg7 44. Qe6+ Kh7 45. Qf5+ Kg8 46. Qd5+ Kf8 47. Qf5+ Kg8 48. Qe6+ Kh7 49. Qh3+ Kg8 50. Qe6+ 1/2-1/2

[Event "European Women-ch 2023"]
[Site "Petrovac"]
[Date "2023.03.25"]
[Round "7.5"]
[White "Arabidze, Meri"]
[Black "Garifullina, Leya"]
[Result "1-0"]
[WhiteElo "2433"]
[BlackElo "2372"]
[Annotator "TA"]
[PlyCount "97"]
[EventDate "2023.03.15"]
[EventType "swiss"]
[EventCountry "MNE"]
[SourceTitle "playchess.com"]
[Source "ChessBase"]
[SourceQuality "1"]

1. d4 Nf6 2. c4 e6 3. Nc3 Bb4 4. f3 c5 5. d5 d6 6. e4 b5 7. Nge2 bxc4 8. Nf4 e5 9. Nfe2 Nbd7 10. Ng3 Nb6 11. Be2 Ng8 12. h4 Ne7 13. h5 f5 14. h6 g6 15. f4 O-O 16. O-O Bxc3 17. bxc3 fxe4 18. fxe5 Nexd5 19. Nxe4 Bf5 20. Bg5 Qd7 21. Nf6+ Nxf6 22. exf6 Rae8 23. Qd2 d5 24. Bf3 Re6 25. Rfd1 Qf7 26. Qf2 Bd3 27. Qxc5 Re5 28. Be3 Rc8 29. Qd4 Rce8 30. Bf2 Rf5 31. Re1 Be4 32. Bxe4 dxe4 33. Rxe4 Rxe4 34. Qxe4 Rxf6 35. Rd1 Qc7 36. Bd4 Rf8 37. Qe6+ Rf7 38. Re1 Qf4 39. Qe8+ Rf8 40. Qe6+ Rf7 41. a4 Nd7 42. Qxc4 a5 43. Qd5 Qxh6 44. Rf1 Qf8 45. c4 Qe8 46. c5 Nf8 47. Rxf7 Qxf7 48. Qe5 Qd7 49. c6 1-0

[Event "European Women-ch 2023"]
[Site "Petrovac"]
[Date "2023.03.25"]
[Round "7.5"]
[White "Schulze, Lara"]
[Black "Badelka, Olga"]
[Result "1-0"]
[WhiteElo "2277"]
[BlackElo "2428"]
[Annotator "TA"]
[PlyCount "147"]
[EventDate "2023.03.15"]
[EventType "swiss"]
[EventCountry "MNE"]
[SourceTitle "playchess.com"]
[Source "ChessBase"]
[SourceQuality "1"]

1. e4 e5 2. Nf3 Nc6 3. Nc3 Nf6 4. Bb5 Bd6 5. O-O O-O 6. d3 h6 7. a4 Re8 8. a5 Nb4 9. Bc4 Bf8 10. Re1 a6 11. Bb3 d6 12. h3 c5 13. Bd2 Be6 14. Bxe6 Rxe6 15. Ne2 d5 16. Ng3 Nc6 17. Nf5 Qd7 18. g4 dxe4 19. dxe4 Rd8 20. c3 Nh7 21. Qe2 Qd3 22. Kf1 Nf6 23. Qxd3 Rxd3 24. Ke2 Rd7 25. Ra4 h5 26. g5 Ne8 27. Bc1 Be7 28. Nxe7+ Rexe7 29. Be3 c4 30. Nd2 Nd6 31. Bb6 f6 32. Rg1 Re6 33. f3 f5 34. exf5 Nxf5 35. Rxc4 Red6 36. Ne4 Rd3 37. b4 h4 38. Kf2 Nd6 39. Nxd6 Rd2+ 40. Ke3 R7xd6 41. Re1 Kf7 42. Re2 Rd1 43. Kf2 R6d3 44. Be3 Kg6 45. Rc2 Kh5 46. Rc1 Rxc1 47. Bxc1 Rd1 48. Be3 Rb1 49. Rg4 Nd8 50. g6 Ne6 51. Ke2 Rh1 52. Kd3 Rxh3 53. Ke4 Rg3 54. Rxg3 hxg3 55. Kxe5 Nc7 56. c4 g2 57. Kd6 Ne8+ 58. Kd7 Nf6+ 59. Kc7 Kh4 60. Kxb7 Kg3 61. Kxa6 Kxf3 62. Bg1 Ke2 63. Kb5 Kf1 64. Bd4 Ne4 65. a6 Nf2 66. a7 g1=Q 67. a8=Q Qg5+ 68. Qd5 Qxg6 69. Qf3 Qe8+ 70. Ka5 Qd8+ 71. Bb6 Qd2 72. Qxf2+ Qxf2 73. Bxf2 Kxf2 74. c5 1-0

[Event "European Women-ch 2023"]
[Site "Petrovac"]
[Date "2023.03.25"]
[Round "7.5"]
[White "Lomaia, Diana"]
[Black "Ivekovic, Tihana"]
[Result "1/2-1/2"]
[WhiteElo "1950"]
[BlackElo "2132"]
[Annotator "TA"]
[PlyCount "111"]
[EventDate "2023.03.15"]
[EventType "swiss"]
[EventCountry "MNE"]
[SourceTitle "playchess.com"]
[Source "ChessBase"]
[SourceQuality "1"]

1. d4 Nf6 2. c4 e6 3. Nc3 Bb4 4. Nf3 b6 5. Qb3 c5 6. dxc5 Bxc5 7. Bf4 Nc6 8. e3 O-O 9. Rd1 Bb7 10. Be2 Be7 11. O-O Rc8 12. Qc2 Nh5 13. Bd6 Bxd6 14. Rxd6 Qe7 15. Rfd1 Rfd8 16. a3 Nf6 17. b4 Ne8 18. R6d2 d6 19. h3 h6 20. Qb3 Qc7 21. Bf1 Ne7 22. e4 a6 23. Rc2 Qb8 24. Nd4 Nf6 25. f3 d5 26. cxd5 exd5 27. exd5 Nexd5 28. Nxd5 Bxd5 29. Rxc8 Qxc8 30. Qc2 Qxc2 31. Nxc2 Rc8 32. Ne3 Bb7 33. Nc4 b5 34. Nd6 Rd8 35. Be2 Bc6 36. Nf5 Rxd1+ 37. Bxd1 Kf8 38. Nd4 Bd7 39. Bb3 Ke7 40. Kf2 Ne8 41. Ke3 Nd6 42. Kd3 g6 43. Bd5 Kd8 44. Nb3 Kc7 45. Nc5 Bc8 46. f4 f6 47. Ne6+ Bxe6 48. Bxe6 Nf5 49. Bf7 Ne7 50. Ke4 Kd6 51. g4 g5 52. fxg5 hxg5 53. Bb3 Kc6 54. Bf7 Kd6 55. Bb3 Kc6 56. Bf7 1/2-1/2

[Event "European Women-ch 2023"]
[Site "Petrovac"]
[Date "2023.03.25"]
[Round "7.6"]
[White "Danielian, Elina"]
[Black "Daulyte-Cornette, Deimante"]
[Result "1/2-1/2"]
[WhiteElo "2431"]
[BlackElo "2344"]
[Annotator "TA"]
[PlyCount "99"]
[EventDate "2023.03.15"]
[EventType "swiss"]
[EventCountry "MNE"]
[SourceTitle "playchess.com"]
[Source "ChessBase"]
[SourceQuality "1"]

1. d4 d5 2. c4 e6 3. Nc3 Nf6 4. Nf3 Bb4 5. Qa4+ Nc6 6. e3 O-O 7. Bd2 Re8 8. a3 Bf8 9. Be2 dxc4 10. Bxc4 h6 11. b4 a6 12. Qc2 e5 13. Qa2 Qd7 14. d5 Na7 15. h3 Nb5 16. Rc1 Nxc3 17. Bxc3 Bd6 18. Nd2 b5 19. Bb3 Bb7 20. O-O c6 21. dxc6 Bxc6 22. Rfd1 Rad8 23. Nf1 Qb7 24. f3 Bb8 25. e4 Nh5 26. Kh2 Nf4 27. Ne3 Qe7 28. Nf5 Qf6 29. Be1 Rxd1 30. Rxd1 Ne6 31. Bh4 Ng5 32. Qc2 Rc8 33. Qc5 Kh7 34. Qe7 Qxe7 35. Nxe7 Rc7 36. Nxc6 Rxc6 37. Bxg5 hxg5 38. Bxf7 Ba7 39. Kg3 Bd4 40. Kg4 Kh6 41. g3 Rc7 42. Bd5 Rc3 43. Rd2 Rxa3 44. Rc2 Bc3 45. Bb7 a5 46. bxa5 b4 47. a6 Kg6 48. h4 gxh4 49. Kxh4 Kf6 50. Bd5 1/2-1/2

[Event "European Women-ch 2023"]
[Site "Petrovac"]
[Date "2023.03.25"]
[Round "7.6"]
[White "Milliet, Sophie"]
[Black "Abdulla, Khayala"]
[Result "1-0"]
[WhiteElo "2404"]
[BlackElo "2221"]
[Annotator "TA"]
[PlyCount "53"]
[EventDate "2023.03.15"]
[EventType "swiss"]
[EventCountry "MNE"]
[SourceTitle "playchess.com"]
[Source "ChessBase"]
[SourceQuality "1"]

1. e4 e5 2. Nf3 Nc6 3. Bc4 Nf6 4. d3 Bc5 5. c3 d6 6. O-O a5 7. Re1 O-O 8. Bg5 h6 9. Bh4 g5 10. Bg3 Ba7 11. Nbd2 Nh7 12. h3 h5 13. d4 h4 14. Bh2 exd4 15. e5 dxc3 16. bxc3 dxe5 17. Nxe5 Nxe5 18. Bxe5 Be6 19. Bxe6 fxe6 20. Qh5 Bxf2+ 21. Kh1 Rf7 22. Qg6+ Kf8 23. Red1 Qe8 24. Rf1 Qd7 25. Ne4 Bg3 26. Nxg3 hxg3 27. Qxh7 1-0

[Event "European Women-ch 2023"]
[Site "Petrovac"]
[Date "2023.03.25"]
[Round "7.6"]
[White "Spalir, Monika"]
[Black "Ter-Avetisjana, Agnesa Stepania"]
[Result "1/2-1/2"]
[WhiteElo "2125"]
[BlackElo "1974"]
[Annotator "TA"]
[PlyCount "103"]
[EventDate "2023.03.15"]
[EventType "swiss"]
[EventCountry "MNE"]
[SourceTitle "playchess.com"]
[Source "ChessBase"]
[SourceQuality "1"]

1. e4 c6 2. d4 d5 3. Nc3 dxe4 4. Nxe4 Bf5 5. Ng3 Bg6 6. h4 h6 7. Nf3 e6 8. h5 Bh7 9. Bd3 Bxd3 10. Qxd3 Nf6 11. Bd2 c5 12. O-O-O Nc6 13. Bc3 Qd5 14. dxc5 Qxd3 15. Rxd3 Bxc5 16. Bxf6 gxf6 17. Ne4 Be7 18. Rhd1 Rd8 19. Rxd8+ Nxd8 20. g3 f5 21. Nd6+ Bxd6 22. Rxd6 Ke7 23. Rd2 Nc6 24. Nd4 Rc8 25. b3 Nxd4 26. Rxd4 e5 27. Rd5 Ke6 28. c4 Rg8 29. Rb5 b6 30. a4 Rd8 31. a5 Rd6 32. c5 bxc5 33. Rxc5 Kf6 34. Rc7 a6 35. Kc2 e4 36. b4 Kg5 37. Rxf7 Kg4 38. Kc1 Rd4 39. b5 axb5 40. a6 Ra4 41. a7 b4 42. Kc2 Ra3 43. Kb2 Kg5 44. Rg7+ Kf6 45. Rb7 Kg5 46. Rh7 Kg4 47. Rf7 Kg5 48. Rg7+ Kf6 49. Rb7 Kg5 50. Rf7 Kg4 51. Kc2 Kg5 52. Kb2 1/2-1/2

[Event "European Women-ch 2023"]
[Site "Petrovac"]
[Date "2023.03.25"]
[Round "7.7"]
[White "Wagner, Dinara"]
[Black "Unuk, Laura"]
[Result "1/2-1/2"]
[WhiteElo "2411"]
[BlackElo "2297"]
[Annotator "TA"]
[PlyCount "37"]
[EventDate "2023.03.15"]
[EventType "swiss"]
[EventCountry "MNE"]
[SourceTitle "playchess.com"]
[Source "ChessBase"]
[SourceQuality "1"]

1. d4 Nf6 2. c4 e6 3. Nf3 d5 4. Nc3 c6 5. e3 Nbd7 6. Qc2 Bd6 7. b3 O-O 8. Be2 b6 9. Bb2 Bb7 10. O-O Rc8 11. e4 dxe4 12. Nxe4 Nxe4 13. Qxe4 Nf6 14. Qh4 c5 15. dxc5 Bxc5 16. Rad1 Qe7 17. Bd3 Ne4 18. Qh5 f5 19. Bd4 1/2-1/2

[Event "European Women-ch 2023"]
[Site "Petrovac"]
[Date "2023.03.25"]
[Round "7.7"]
[White "Radeva, Viktoria"]
[Black "Mammadova, Gulnar"]
[Result "1/2-1/2"]
[WhiteElo "2247"]
[BlackElo "2358"]
[Annotator "TA"]
[PlyCount "123"]
[EventDate "2023.03.15"]
[EventType "swiss"]
[EventCountry "MNE"]
[SourceTitle "playchess.com"]
[Source "ChessBase"]
[SourceQuality "1"]

1. e4 e5 2. Nf3 Nc6 3. Bc4 Nf6 4. d3 Bc5 5. O-O d6 6. c3 a6 7. a4 h6 8. Nbd2 Ba7 9. Re1 O-O 10. h3 Be6 11. Bxe6 fxe6 12. Nf1 Qe8 13. Be3 Bxe3 14. Rxe3 Nh5 15. b4 Qf7 16. Ra2 Nf4 17. Kh2 d5 18. d4 exd4 19. Nxd4 e5 20. Nxc6 d4 21. Rg3 Qxa2 22. Qg4 g5 23. Nxe5 Qxf2 24. Rf3 Qe2 25. Ng6 Qxe4 26. Nxf8 Rxf8 27. Ng3 Qd5 28. cxd4 Qxd4 29. Nh5 Qe5 30. Kh1 Nxh5 31. Rxf8+ Kxf8 32. Qxh5 Kg7 33. Qd1 Qd6 34. Qa1+ Kg6 35. Qb1+ Kf6 36. a5 Ke5 37. b5 axb5 38. Qxb5+ Qd5 39. Qe8+ Kd4 40. Qa4+ Qc4 41. Qd7+ Kc3 42. Qg7+ Kb4 43. Qb2+ Qb3 44. Qd4+ Qc4 45. Qb2+ Kxa5 46. Qxb7 h5 47. Qa7+ Kb4 48. Qb7+ Kc3 49. Qf3+ Kd2 50. Qf2+ Qe2 51. Qd4+ Qd3 52. Qb2+ Kd1 53. Qa1+ Kc2 54. Qa2+ Kc1 55. Qa1+ Qb1 56. Qc3+ Qc2 57. Qa1+ Kd2 58. Qd4+ Ke2 59. Qe5+ Kf1 60. Qa1+ Kf2 61. Qd4+ Ke2 62. Qe5+ 1/2-1/2

[Event "European Women-ch 2023"]
[Site "Petrovac"]
[Date "2023.03.25"]
[Round "7.7"]
[White "Tsirulnik, Maritsa"]
[Black "Silva, Ana Ines Teixeira Da"]
[Result "1/2-1/2"]
[WhiteElo "2121"]
[BlackElo "1792"]
[Annotator "TA"]
[PlyCount "64"]
[EventDate "2023.03.15"]
[EventType "swiss"]
[EventCountry "MNE"]
[SourceTitle "playchess.com"]
[Source "ChessBase"]
[SourceQuality "1"]

1. d4 d5 2. c4 e6 3. Nf3 Nf6 4. g3 dxc4 5. Bg2 c5 6. O-O Nc6 7. Ne5 Bd7 8. Nxc6 Bxc6 9. Bxc6+ bxc6 10. Qa4 Qb6 11. dxc5 Bxc5 12. Qxc4 Rd8 13. e3 O-O 14. a3 Nd7 15. b4 Bd6 16. Bb2 a5 17. Nd2 Be5 18. Rfb1 Bxb2 19. Rxb2 Ne5 20. Qc3 Rxd2 21. Qxe5 Rxb2 22. Qxb2 axb4 23. axb4 h6 24. Rb1 Rd8 25. Qc3 Qb5 26. Rc1 Rb8 27. Rd1 Qxb4 28. Qxc6 Qb6 29. Qe4 Qb3 30. Rd3 Qa2 31. Kg2 Qa8 32. Qxa8 Rxa8 1/2-1/2